| 000 | 00589nam a2200205Ia 4500 | ||
|---|---|---|---|
| 005 | 20221110114806.0 | ||
| 008 | 131103s9999 xx 000 0 und d | ||
| 020 |
_a8125033106 _cRs 295 |
||
| 040 | _aLoreto College | ||
| 041 | _aEnglish | ||
| 082 |
_a954.03 _bBHA |
||
| 245 |
_aRethinking 1857 _cEdited by Sabyasachi Bhattacharya |
||
| 260 |
_aNew Delhi _bOrient Longman Pvt Ltd _c2008 |
||
| 300 | _axl,319p | ||
| 504 | _aIncludes bibliographical references and index | ||
| 650 | _aIndia - History,1857- | ||
| 700 | _aBhattacharya, Sabyasachi, ed | ||
| 850 | _aLCLIB | ||
| 942 | _cBK | ||
| 999 |
_c20151 _d70630 |
||